00575nam a2200169Ia 4500008004100000041000800041082001700049100002100066245004400087260003900131300001200170365000700182650002400189906006400213999001900277952010900296210719s1961 xx 000 0 und d aeng a812.008 MERT aMERSAND (Joseph) aThree dramas of American individualism. aN YbWashington Square Pressc1961 a266bPB cRs aAmerican Literature aAmerican Dramas Golden Boy High Tor The Magnificient Yankee c213158d213158 001040708LiteratureaALbALd1996-06-10l0o812.008 MERTpD01257r2021-07-19 00:00:00w2021-07-19yDB